عرض عادي
عرض مارك
- Carroll, Robert G.
مدخل إسم شخص
001 - رقم الضبط
- حقل الضبط: 38473
003 - معرف رقم الضبط
- حقل الضبط: OSt
005 - تاريخ ووقت أخر عملية
- حقل الضبط: 20131028211031.0
008 - عناصر بيانات ثابتة الطول
- حقل تحكم ثابت الطول: 131028|||a|||||| | ||| d
040 ## - مصدر الفهرسة
- هيئة الفهرسة الأصلية: OSt
- وكالة الكتابة: OSt
100 ## - مدخل -- أسم شخص
- إسم شخص: Carroll, Robert G.
670 ## - بيانات المصدر موجوده
- الاستشهاد بالمصدر: Work cat.: (OSt)0: Carroll, Robert G., Problem-based Physiology / :, 2010
